00377nam a22000977a 4500008004100000082001700041100000800058245016900066260003500235300000900270230612b xxu||||| |||| 00| 0 eng d a354.676bGOK cGOK aThe Report of the Controller and Auditor-General Together with the Appropriation Accounts other public Accounts and the Accounts of the funds for the year 2004/2005 aNairobi, KenyabGOKcJune 2005 a589p